[Event "6. Lovsprings EMT Basis 3 1994"]
[Site "Ringsted"]
[Date "1994.03.27"]]
[Round "1"]
[White "Aage, Bjarke Gadgaard"]
[Black "Svava, Mogens"]
[Result "0-1"]
[WhiteElo "1502"]
[BlackElo "1487"]
[PlyCount "48"]
[EventDate "1994.??.??"]

1. d4 d5 2. c4 c6 3. Nc3 dxc4 4. e4 b5 5. a4 b4 6. Na2 b3 7. Nc3 Ba6 8. Nf3 Qa5
9. d5 Nf6 10. Bd2 Qc7 11. dxc6 Nxc6 12. Nd5 Nxd5 13. exd5 Ne5 14. Bf4 Nd3+ 15.
Bxd3 Qxf4 16. Be2 Rd8 17. Qd2 Qc7 18. Rd1 e6 19. Qe3 Bb4+ 20. Kf1 O-O 21. dxe6
Rxd1+ 22. Bxd1 c3+ 23. Be2 c2 24. Qc1 Bxe2+ 0-1

[Event "6. Lovsprings EMT Basis 3 1994"]
[Site "Ringsted"]
[Date "1994.03.27"]]
[Round "1"]
[White "Hansen, Ole"]
[Black "Pedersen, Henning Hyldegaard"]
[Result "1-0"]
[WhiteElo "1463"]
[BlackElo "1500"]
[PlyCount "81"]
[EventDate "1994.??.??"]

1. d4 d5 2. c4 c6 3. Nc3 e6 4. Nf3 h6 5. Bf4 Bd6 6. Bxd6 Qxd6 7. e3 b6 8. Bd3
Ne7 9. Qc2 Ba6 10. b3 c5 11. O-O Nbc6 12. a3 O-O 13. cxd5 Bxd3 14. Qxd3 Nxd5
15. Ne4 Qe7 16. dxc5 bxc5 17. Rfc1 Rfd8 18. Rxc5 Nf6 19. Nxf6+ Qxf6 20. Qc3
Qxc3 21. Rxc3 Rd6 22. Rac1 Rad8 23. Kf1 Ne7 24. Ke2 f6 25. Rc7 R8d7 26. Rxd7
Rxd7 27. Nd4 Kf7 28. b4 g5 29. a4 e5 30. Nc6 h5 31. Nxe7 Kxe7 32. b5 Ke6 33.
Rc6+ Rd6 34. Rc7 a6 35. Rb7 axb5 36. Rxb5 Kd7 37. a5 Ra6 38. Rb6 Rxb6 39. axb6
Kc6 40. Kd3 Kxb6 41. Ke4 1-0

[Event "6. Lovsprings EMT Basis 3 1994"]
[Site "Ringsted"]
[Date "1994.03.27"]]
[Round "1"]
[White "Hojlund, Ib"]
[Black "Nielsen, Carl Otto"]
[Result "0-1"]
[WhiteElo "1540"]
[BlackElo "1547"]
[PlyCount "24"]
[EventDate "1994.??.??"]

1. e4 c6 2. d4 d5 3. Nc3 dxe4 4. Nxe4 Nf6 5. Qd3 Nbd7 6. Nf3 Nxe4 7. Qxe4 Nf6
8. Qd3 g6 9. Be3 Bg7 10. O-O-O Qa5 11. Kb1 Be6 12. c4 Bf5 0-1

[Event "6. Lovsprings EMT Basis 3 1994"]
[Site "Ringsted"]
[Date "1994.03.27"]]
[Round "1"]
[White "Jensen, Soren"]
[Black "Christiansen, Kay Verner"]
[Result "0-1"]
[WhiteElo "1534"]
[BlackElo "1532"]
[PlyCount "80"]
[EventDate "1994.??.??"]

1. Nf3 Nf6 2. g3 d5 3. Bg2 c5 4. b3 Nc6 5. Bb2 Bf5 6. O-O e6 7. d3 Rc8 8. a4
Be7 9. Nbd2 O-O 10. Re1 Bg6 11. Nf1 Qb6 12. Ne3 h6 13. Rb1 Nd7 14. Ng4 Bf5 15.
Nfe5 Ncxe5 16. Nxe5 Nxe5 17. Bxe5 Bd6 18. Ba1 Bg6 19. Qd2 Qc7 20. Rbc1 Rfd8 21.
e4 c4 22. Qc3 Bf8 23. exd5 exd5 24. dxc4 dxc4 25. Qe5 c3 26. Qxc7 Rxc7 27. Re3
Ba3 28. Rce1 Bb4 29. Be4 f5 30. Bf3 f4 31. R3e2 fxg3 32. hxg3 Rd2 33. Be4 Re7
34. Bd5+ Rxd5 35. Rxe7 Bxe7 36. Bxc3 Bf8 37. Re2 a6 38. Kg2 Rc5 39. Re3 Bxc2
40. Rf3 Be4 0-1

[Event "6. Lovsprings EMT Basis 3 1994"]
[Site "Ringsted"]
[Date "1994.03.27"]]
[Round "1"]
[White "Pedersen, Jens Peter Fischer"]
[Black "Kjeldsen, Leif"]
[Result "1/2-1/2"]
[WhiteElo "1523"]
[BlackElo "1530"]
[PlyCount "44"]
[EventDate "1994.??.??"]

1. e4 c5 2. d4 cxd4 3. c3 Nc6 4. cxd4 e6 5. Nf3 Nf6 6. Nc3 d6 7. d5 exd5 8.
exd5 Ne5 9. Bb5+ Bd7 10. Qe2 Qe7 11. O-O Nxf3+ 12. Qxf3 Bxb5 13. Nxb5 Qd7 14.
Re1+ Be7 15. Bg5 O-O 16. Nd4 Rae8 17. Nf5 Bd8 18. Qh3 Qc7 19. Bh6 Rxe1+ 20.
Rxe1 Qa5 21. Kf1 Re8 22. Rxe8+ Nxe8 1/2-1/2

[Event "6. Lovsprings EMT Basis 3 1994"]
[Site "Ringsted"]
[Date "1994.03.27"]]
[Round "1"]
[White "Sejersen, Villum"]
[Black "Bech, Henrik Juel"]
[Result "1-0"]
[WhiteElo "1467"]
[BlackElo "1513"]
[PlyCount "87"]
[EventDate "1994.??.??"]

1. c4 c5 2. g3 d5 3. Bg2 d4 4. d3 Nf6 5. Nd2 e5 6. Ne4 Be7 7. Nxf6+ Bxf6 8. Bd2
Nc6 9. a3 Qd6 10. Nf3 Bf5 11. Ng5 Bxg5 12. Bxg5 f6 13. Bd2 h5 14. h4 Ke7 15.
Qb3 b6 16. Qb5 Bd7 17. Qb3 Rag8 18. f4 f5 19. fxe5 Qxe5 20. Bf4 Qf6 21. Bg5 Ne5
22. O-O-O Kf7 23. Bxf6 gxf6 24. Bd5+ Ke7 25. Bxg8 Rxg8 26. Rhg1 Ng4 27. Kd2 Ne3
28. Ra1 Kd6 29. Qa2 Ba4 30. b3 Bd7 31. b4 Re8 32. bxc5+ Kxc5 33. Qb3 a5 34.
Rab1 Rb8 35. Qa2 Ba4 36. Rb2 Ng4 37. Qb1 Ne3 38. Rb5+ Kc6 39. Rb2 Kc5 40. Qe1
b5 41. cxb5 Bxb5 42. a4 Bxd3 43. Rxb8 Ba6 44. Kc1 1-0

[Event "6. Lovsprings EMT Basis 3 1994"]
[Site "Ringsted"]
[Date "1994.03.27"]]
[Round "1"]
[White "van Dijk, Jan"]
[Black "Madsen, Tino"]
[Result "1-0"]
[WhiteElo "1505"]
[BlackElo "1498"]
[PlyCount "99"]
[EventDate "1994.??.??"]

1. d4 d5 2. Nf3 Nf6 3. c4 c6 4. Nc3 Bf5 5. Qb3 Qc8 6. cxd5 cxd5 7. Bf4 e6 8.
Nb5 Na6 9. Nd6+ Bxd6 10. Bxd6 Ne4 11. Ba3 Qc7 12. Qb5+ Qc6 13. e3 Nb8 14. Rc1
Qxb5 15. Bxb5+ Nc6 16. Ne5 Rc8 17. Bxc6+ bxc6 18. Rxc6 Rxc6 19. Nxc6 a6 20. Ne7
Kd7 21. Nxf5 exf5 22. f3 Nf6 23. Kd2 Rc8 24. Rc1 Rxc1 25. Kxc1 Kc6 26. Bf8 Ne8
27. Kc2 g6 28. Kb3 Nf6 29. Be7 Nd7 30. Bd8 h6 31. Kc3 Kb5 32. Kd3 a5 33. e4
fxe4+ 34. fxe4 dxe4+ 35. Kxe4 a4 36. g4 Kc6 37. b3 axb3 38. axb3 Kd6 39. b4 Kc6
40. h3 Nb8 41. Be7 Kd7 42. Bf8 h5 43. gxh5 gxh5 44. Kf5 Nc6 45. Bc5 h4 46. d5
Nb8 47. b5 Ke8 48. Bf2 Ke7 49. Bxh4+ Kd6 50. Bg3+ 1-0

[Event "6. Lovsprings EMT Basis 3 1994"]
[Site "Ringsted"]
[Date "1994.03.27"]]
[Round "1"]
[White "van Dijk, Thomas"]
[Black "Petersen, Torben William"]
[Result "1-0"]
[WhiteElo "1537"]
[BlackElo "1438"]
[PlyCount "51"]
[EventDate "1994.??.??"]

1. d4 d5 2. c4 e6 3. Nc3 c6 4. cxd5 exd5 5. Nf3 Nf6 6. Bg5 Be7 7. e3 Bg4 8. Bd3
Nbd7 9. Rc1 O-O 10. Qc2 Bxf3 11. gxf3 Re8 12. Rg1 Nf8 13. Ke2 Ng6 14. Rg2 Nh5
15. Bxe7 Qxe7 16. Kd2 Nf6 17. Rcg1 Rac8 18. f4 Ne4+ 19. Bxe4 dxe4 20. f5 c5 21.
fxg6 hxg6 22. d5 Qe5 23. Rg4 Rcd8 24. R1g2 b5 25. Rxe4 Rxd5+ 26. Ke1 1-0

[Event "6. Lovsprings EMT Basis 3 1994"]
[Site "Ringsted"]
[Date "1994.04.03"]]
[Round "2"]
[White "Bech, Henrik Juel"]
[Black "Madsen, Tino"]
[Result "0-1"]
[WhiteElo "1513"]
[BlackElo "1498"]
[PlyCount "40"]
[EventDate "1994.??.??"]

1. e4 e5 2. Nf3 Nc6 3. Bb5 a6 4. Ba4 Nf6 5. O-O Be7 6. Nc3 b5 7. Bb3 d6 8. d3
Bg4 9. Be3 Na5 10. h3 Bh5 11. Qe2 Nxb3 12. axb3 O-O 13. Kh1 Qd7 14. Rg1 c6 15.
Qe1 h6 16. Ne2 Bg6 17. g4 Nxe4 18. h4 f5 19. dxe4 f4 20. Rd1 Bxe4 0-1

[Event "6. Lovsprings EMT Basis 3 1994"]
[Site "Ringsted"]
[Date "1994.04.03"]]
[Round "2"]
[White "Christiansen, Kay Verner"]
[Black "Nielsen, Carl Otto"]
[Result "1-0"]
[WhiteElo "1532"]
[BlackElo "1547"]
[PlyCount "67"]
[EventDate "1994.??.??"]

1. e4 g6 2. d4 Bg7 3. Bc4 d6 4. Nf3 Nd7 5. c3 e6 6. Bg5 Ne7 7. O-O O-O 8. Na3
b6 9. d5 e5 10. Nc2 Nc5 11. Bd3 a5 12. Be3 f5 13. Bxc5 bxc5 14. Nd2 c6 15. dxc6
Nxc6 16. Bc4+ Kh8 17. Bd5 Qc7 18. b4 Ba6 19. Re1 axb4 20. cxb4 cxb4 21. Bxc6
Qxc6 22. Nxb4 Qc5 23. Nxa6 Rxa6 24. Nb3 Qa7 25. exf5 Rxf5 26. Re2 e4 27. Rc1 d5
28. Rc8+ Rf8 29. Rxf8+ Bxf8 30. Qxd5 Rd6 31. Qe5+ Kg8 32. Qxe4 Qxa2 33. Qc4+
Kg7 34. Rxa2 1-0

[Event "6. Lovsprings EMT Basis 3 1994"]
[Site "Ringsted"]
[Date "1994.04.03"]]
[Round "2"]
[White "Hagen, Flemming"]
[Black "Pedersen, Jens Peter Fischer"]
[Result "0-1"]
[WhiteElo "1459"]
[BlackElo "1523"]
[PlyCount "98"]
[EventDate "1994.??.??"]

1. f4 g6 2. Nf3 Bg7 3. e3 c5 4. d3 Qb6 5. c3 d5 6. Be2 Nf6 7. O-O O-O 8. h3 Nc6
9. Qe1 Bd7 10. g4 Rfe8 11. Qg3 d4 12. e4 dxc3 13. bxc3 c4+ 14. Kh2 cxd3 15.
Bxd3 Rad8 16. Ne5 Bc8 17. Nd2 Nxe5 18. fxe5 Nd7 19. Nc4 Qe6 20. Bf4 b5 21. Ne3
Nxe5 22. Bxb5 Rf8 23. Nd5 a6 24. Be2 Bb7 25. c4 h6 26. Rab1 Ba8 27. Rb6 Nc6 28.
Bf3 g5 29. Bc7 Rd7 30. Kg2 Bd4 31. Rxa6 Bb7 32. Ra4 Rc8 33. Bb6 Be5 34. Qf2 Nb8
35. Rc1 Qg6 36. c5 Nc6 37. Rd1 e6 38. Nf6+ Qxf6 39. Rxd7 Ba8 40. Qd2 Bf4 41.
Qd1 Qb2+ 42. Be2 Ne5 43. Rd8+ Rxd8 44. Bxd8 Qc3 45. Bf3 Nxf3 46. Bf6 Nh4+ 47.
Kf1 Qxh3+ 48. Ke2 Qf3+ 49. Ke1 Ng2# 0-1

[Event "6. Lovsprings EMT Basis 3 1994"]
[Site "Ringsted"]
[Date "1994.04.03"]]
[Round "2"]
[White "Jensen, Soren"]
[Black "Hojlund, Ib"]
[Result "1-0"]
[WhiteElo "1534"]
[BlackElo "1540"]
[PlyCount "101"]
[EventDate "1994.??.??"]

1. Nf3 b6 2. g3 Bb7 3. Bg2 Nf6 4. O-O d5 5. c4 d4 6. d3 c5 7. Na3 e6 8. Bf4 Nh5
9. Bg5 Be7 10. Qc1 f6 11. Bd2 f5 12. Re1 O-O 13. Nxd4 Bxg2 14. Nxe6 Qc8 15.
Nxf8 Bh3 16. Nxh7 Kxh7 17. Bg5 Bd6 18. Nb5 Qc6 19. e4 Nd7 20. Nxd6 Qxd6 21. Qe3
Rf8 22. exf5 Rxf5 23. Qe4 Ne5 24. Bf4 Nxf4 25. gxf4 Nxd3 26. Re3 Nxf2 27. Kxf2
Bg4 28. Rd3 Qh6 29. h3 Qh4+ 30. Kg2 Kg8 31. hxg4 Qxg4+ 32. Rg3 Qxf4 33. Qxf4
Rxf4 34. b3 Rd4 35. Kf3 Kf7 36. Ke3 g6 37. Rag1 Rd6 38. R1g2 a6 39. Ke4 Kg7 40.
Ke5 Rf6 41. Rg5 Rc6 42. Kd5 Rf6 43. Rxg6+ Rxg6 44. Rxg6+ Kxg6 45. Kc6 Kf6 46.
Kxb6 Ke6 47. Kxc5 Kd7 48. Kb6 Kd6 49. c5+ Kd7 50. Kb7 a5 51. c6+ 1-0

[Event "6. Lovsprings EMT Basis 3 1994"]
[Site "Ringsted"]
[Date "1994.04.03"]]
[Round "2"]
[White "Moller, Claus"]
[Black "van Dijk, Thomas"]
[Result "0-1"]
[WhiteElo "1482"]
[BlackElo "1537"]
[PlyCount "82"]
[EventDate "1994.??.??"]

1. e4 c5 2. Nf3 d6 3. d4 cxd4 4. Nxd4 Nf6 5. Nc3 g6 6. Bg5 Bg7 7. Qd2 Nc6 8.
Bb5 Bd7 9. Bh6 Bxh6 10. Qxh6 Nxd4 11. Bxd7+ Qxd7 12. O-O-O Nb5 13. Nd5 Nxd5 14.
Qg7 O-O-O 15. Rxd5 e6 16. Rd3 Qe7 17. a4 Rdg8 18. Qh6 Nc7 19. Qe3 Kb8 20. Rhd1
Rd8 21. Qd2 Ne8 22. Qb4 Qg5+ 23. Kb1 Qxg2 24. e5 d5 25. Qe7 Nc7 26. Qxf7 Qxh2
27. Rb3 Rdf8 28. Qe7 Qxf2 29. Rdd3 Qf7 30. Qd6 Rd8 31. Qc6 Ne8 32. Rxb7+ Qxb7
33. Rb3 Qxb3 34. cxb3 Nc7 35. b4 d4 36. b5 d3 37. b6 axb6 38. Qxb6+ Kc8 39. Kc1
d2+ 40. Kd1 Rhf8 41. Qg1 Rf4 0-1

[Event "6. Lovsprings EMT Basis 3 1994"]
[Site "Ringsted"]
[Date "1994.04.03"]]
[Round "2"]
[White "Pedersen, Henning Hyldegaard"]
[Black "Aage, Bjarke Gadgaard"]
[Result "0-1"]
[WhiteElo "1500"]
[BlackElo "1502"]
[PlyCount "33"]
[EventDate "1994.??.??"]

1. e4 Nf6 2. Nc3 d5 3. e5 Nfd7 4. d4 e6 5. a3 c5 6. Be3 Nc6 7. f4 cxd4 8. Bxd4
Nxd4 9. Qxd4 Bc5 10. Qd3 Bxg1 11. Rxg1 Qb6 12. Rh1 Qxb2 13. Rb1 Qxa3 14. Rb3
Qc1+ 15. Ke2 Qxf4 16. Kd1 Qxe5 17. Nb5 0-1

[Event "6. Lovsprings EMT Basis 3 1994"]
[Site "Ringsted"]
[Date "1994.04.03"]]
[Round "2"]
[White "Petersen, Torben William"]
[Black "Kjeldsen, Leif"]
[Result "1-0"]
[WhiteElo "1438"]
[BlackElo "1530"]
[PlyCount "107"]
[EventDate "1994.??.??"]

1. d4 Nf6 2. Nf3 g6 3. Bg5 Bg7 4. e3 d6 5. Bd3 O-O 6. Nbd2 Nbd7 7. c3 c5 8. O-O
Rb8 9. Qe2 a6 10. a4 Qc7 11. Rfe1 Re8 12. Nf1 Nf8 13. Ng3 Bd7 14. Qc2 b5 15.
axb5 axb5 16. dxc5 Qxc5 17. Bxf6 exf6 18. Ne4 Qb6 19. Nd4 Ne6 20. Nxb5 Bxb5 21.
Bxb5 Qxb5 22. Nxd6 Qc6 23. Nxe8 Qxe8 24. Red1 Nc5 25. Ra7 Ra8 26. Rxa8 Qxa8 27.
Qd2 Bf8 28. h3 f5 29. b4 Ne4 30. Qb2 Bg7 31. Ra1 Qc8 32. Ra7 Nxc3 33. Qb3 Qe8
34. Qc4 Nb5 35. Ra5 Nd6 36. Qd5 Qe6 37. Ra8+ Bf8 38. Qc5 Ne8 39. Qa5 Qd7 40. b5
Qd1+ 41. Kh2 Bd6+ 42. f4 Kf8 43. Rd8 Qc1 44. Qa8 Bxf4+ 45. exf4 Qxf4+ 46. g3
Qf2+ 47. Qg2 Qxg2+ 48. Kxg2 Ke7 49. Rd1 Nd6 50. b6 Nb7 51. Kf3 Nc5 52. Kf4 Ne6+
53. Ke5 Nc5 54. Kd5 1-0

[Event "6. Lovsprings EMT Basis 3 1994"]
[Site "Ringsted"]
[Date "1994.04.03"]]
[Round "2"]
[White "Sejersen, Villum"]
[Black "van Dijk, Jan"]
[Result "1/2-1/2"]
[WhiteElo "1467"]
[BlackElo "1505"]
[PlyCount "81"]
[EventDate "1994.??.??"]

1. c4 Nf6 2. Nc3 e6 3. d4 Bb4 4. Bd2 O-O 5. a3 Be7 6. Nf3 d5 7. e3 b6 8. cxd5
Nxd5 9. Be2 Bb7 10. O-O Nd7 11. Nxd5 Bxd5 12. Rc1 Bb7 13. Ne1 e5 14. dxe5 Nxe5
15. Bc3 Bd6 16. Bf3 Nxf3+ 17. Nxf3 Qe7 18. Qd4 f6 19. Qc4+ Qf7 20. Qxf7+ Rxf7
21. Nd2 Rd7 22. Rfe1 a5 23. f3 Rad8 24. Nb3 c5 25. Nd2 Bd5 26. e4 Bf7 27. g3
Bf8 28. Nf1 Ra8 29. Rcd1 Rad8 30. Ne3 Bb3 31. Rxd7 Rxd7 32. Kf2 Kf7 33. Re2 Ke6
34. Rd2 Rxd2+ 35. Bxd2 Bd6 36. f4 Bc7 37. Ke2 b5 38. Be1 a4 39. Bc3 Bd6 40. Kd3
Ba2 41. Kc2 1/2-1/2

[Event "6. Lovsprings EMT Basis 3 1994"]
[Site "Ringsted"]
[Date "1994.04.03"]]
[Round "2"]
[White "Svava, Mogens"]
[Black "Hansen, Ole"]
[Result "1-0"]
[WhiteElo "1487"]
[BlackElo "1463"]
[PlyCount "113"]
[EventDate "1994.??.??"]

1. d4 f5 2. c4 g6 3. Bf4 Bg7 4. Nf3 b6 5. e3 Bb7 6. Nc3 d6 7. Be2 Nf6 8. O-O e6
9. Ng5 Qe7 10. d5 e5 11. Bg3 h6 12. Ne6 Bc8 13. Nxg7+ Qxg7 14. f3 a6 15. Qc2
Bb7 16. b4 Nbd7 17. Bf2 h5 18. a4 h4 19. Rfd1 f4 20. h3 fxe3 21. Bxe3 g5 22.
Bd3 Kf7 23. Bf5 Nf8 24. c5 bxc5 25. bxc5 Bc8 26. Bxc8 Rxc8 27. c6 Rb8 28. Rab1
N8h7 29. Rb7 Rhc8 30. Rdb1 Qg8 31. Qb3 Ra8 32. Qb6 Qd8 33. Qa5 Kg8 34. Ba7 Ne8
35. Qxa6 Qf6 36. Qd3 Qf4 37. Be3 Qf7 38. Ra1 Ra5 39. Bb6 Raa8 40. a5 Qf6 41.
Be3 Ng7 42. a6 Nf5 43. Bf2 Nf8 44. a7 Ng6 45. Rab1 Nf4 46. Qb5 Nd4 47. Bxd4
exd4 48. Ne4 Nxh3+ 49. gxh3 Qxf3 50. Re1 Qxh3 51. Qf1 Qg4+ 52. Qg2 Qxg2+ 53.
Kxg2 Kh8 54. Reb1 Rg8 55. Rxc7 g4 56. Nf6 h3+ 57. Kg3 1-0

[Event "6. Lovsprings EMT Basis 3 1994"]
[Site "Ringsted"]
[Date "1994.04.10"]]
[Round "3"]
[White "Hojlund, Ib"]
[Black "Hagen, Flemming"]
[Result "1-0"]
[WhiteElo "1540"]
[BlackElo "1459"]
[PlyCount "91"]
[EventDate "1994.??.??"]

1. e4 e5 2. Nf3 Nc6 3. Bb5 a6 4. Ba4 Nf6 5. O-O b5 6. Bb3 Bc5 7. Re1 d6 8. c3
O-O 9. Bc2 h6 10. h3 Bb6 11. a3 Ne7 12. d4 Ng6 13. Be3 Qe7 14. Nbd2 c5 15. d5
Nh7 16. b4 f5 17. exf5 Bxf5 18. Ne4 Nf4 19. Bxf4 Bxe4 20. Rxe4 Rxf4 21. Rxf4
exf4 22. Qd3 Nf8 23. Re1 Qf6 24. c4 bxc4 25. Qxc4 g5 26. Nh2 h5 27. a4 cxb4 28.
Qxb4 Qd4 29. Qxd4 Bxd4 30. Nf3 Bf6 31. Bd3 a5 32. Rc1 g4 33. hxg4 hxg4 34. Nh2
g3 35. Nf3 Rb8 36. Bb5 Rb7 37. Rc6 Be5 38. Ra6 Nd7 39. fxg3 fxg3 40. Kf1 Nc5
41. Rxa5 Kg7 42. Ke2 Bf4 43. Ra8 Re7+ 44. Kd1 Re4 45. Kc2 Re2+ 46. Bxe2 1-0

[Event "6. Lovsprings EMT Basis 3 1994"]
[Site "Ringsted"]
[Date "1994.04.10"]]
[Round "3"]
[White "Kjeldsen, Leif"]
[Black "Aage, Bjarke Gadgaard"]
[Result "1/2-1/2"]
[WhiteElo "1530"]
[BlackElo "1502"]
[PlyCount "50"]
[EventDate "1994.??.??"]

1. e4 Nf6 2. e5 Nd5 3. d4 d6 4. Nf3 Bf5 5. a3 e6 6. Be2 Nc6 7. c4 Nb6 8. Nc3
dxe5 9. dxe5 Qxd1+ 10. Nxd1 Na5 11. Nd2 Nc6 12. Nf3 Bg4 13. Ne3 Bxf3 14. Bxf3
Nxe5 15. Bxb7 Rb8 16. Ba6 Nd3+ 17. Ke2 Nf4+ 18. Kf3 Nd3 19. Bb5+ Ke7 20. b4 c6
21. Ba6 g6 22. Ke2 Bg7 23. Rb1 Nf4+ 24. Kf3 Nd3 25. Ke2 Nf4+ 1/2-1/2

[Event "6. Lovsprings EMT Basis 3 1994"]
[Site "Ringsted"]
[Date "1994.04.10"]]
[Round "3"]
[White "Madsen, Tino"]
[Black "Jensen, Soren"]
[Result "1-0"]
[WhiteElo "1498"]
[BlackElo "1534"]
[PlyCount "79"]
[EventDate "1994.??.??"]

1. e4 d6 2. d4 Nd7 3. Nf3 e5 4. Bc4 Be7 5. dxe5 Nxe5 6. Nxe5 dxe5 7. Qd5 Bb4+
8. c3 Qd7 9. Qxf7+ Qxf7 10. Bxf7+ Kxf7 11. cxb4 Nf6 12. Nc3 h6 13. O-O Rd8 14.
f3 a6 15. Be3 b6 16. f4 Ng4 17. fxe5+ Ke6 18. Nd5 Rd7 19. Bxb6 cxb6 20. Nxb6
Rd2 21. Nxa8 Bb7 22. Rf4 Kxe5 23. Rxg4 Bxa8 24. Rxg7 Bxe4 25. Re1 Kf6 26. Rg3
Bd5 27. Rf1+ Ke6 28. Re3+ Kd7 29. Rff3 Bxf3 30. gxf3 Rxb2 31. a3 Kd6 32. f4 Rc2
33. f5 Rc7 34. Re6+ Kd5 35. Rxh6 a5 36. bxa5 Ra7 37. f6 Ke6 38. Kf2 Kf5 39. h4
Rd7 40. Ke3 1-0

[Event "6. Lovsprings EMT Basis 3 1994"]
[Site "Ringsted"]
[Date "1994.04.10"]]
[Round "3"]
[White "Pedersen, Jens Peter Fischer"]
[Black "Sejersen, Villum"]
[Result "1-0"]
[WhiteElo "1523"]
[BlackElo "1467"]
[PlyCount "59"]
[EventDate "1994.??.??"]

1. e4 c6 2. Nc3 d5 3. exd5 cxd5 4. d4 Nf6 5. Bf4 a6 6. Bd3 Nc6 7. Nge2 Qb6 8.
Be5 Nb4 9. O-O Nxd3 10. Qxd3 e6 11. Bxf6 gxf6 12. Nf4 Bd7 13. Rfe1 O-O-O 14. a4
h5 15. b4 Qc7 16. Nfe2 Bd6 17. b5 a5 18. b6 Bxh2+ 19. Kh1 Qb8 20. Nb5 Rdg8 21.
c4 h4 22. cxd5 exd5 23. Rac1+ Bc6 24. Qf5+ Kd8 25. Qxf6+ Kd7 26. Ng1 Bd6 27.
Qxf7+ Kd8 28. Qf6+ Kd7 29. Qe6+ Kd8 30. Nxd6 1-0

[Event "6. Lovsprings EMT Basis 3 1994"]
[Site "Ringsted"]
[Date "1994.04.10"]]
[Round "3"]
[White "van Dijk, Jan"]
[Black "Svava, Mogens"]
[Result "1-0"]
[WhiteElo "1505"]
[BlackElo "1487"]
[PlyCount "75"]
[EventDate "1994.??.??"]

1. d4 d5 2. c4 c6 3. Nf3 e6 4. Nc3 Nf6 5. e3 Nbd7 6. Bd3 Bd6 7. O-O O-O 8. Qc2
h6 9. Bd2 dxc4 10. Bxc4 Nb6 11. Bd3 Qc7 12. h3 Bd7 13. Rac1 Rac8 14. a3 a6 15.
Rfd1 Rfd8 16. Ne2 Nfd5 17. Ba5 c5 18. dxc5 Bxc5 19. Nc3 Nxc3 20. Qxc3 Na4 21.
Bxc7 Nxc3 22. Bxd8 Nxd1 23. Rxd1 Rxd8 24. Ne5 Kf8 25. Bxa6 Ke7 26. Bxb7 Be8 27.
Rxd8 Kxd8 28. Bc6 Bxc6 29. Nxc6+ Kc7 30. Ne5 f6 31. Nc4 Kc6 32. Kf1 Kb5 33. b3
g5 34. Ke2 Bxa3 35. Nxa3+ Kb4 36. Nc2+ Kxb3 37. Nd4+ Kc4 38. Nxe6 1-0

[Event "6. Lovsprings EMT Basis 3 1994"]
[Site "Ringsted"]
[Date "1994.04.24"]]
[Round "4"]
[White "Aage, Bjarke Gadgaard"]
[Black "Moller, Claus"]
[Result "1-0"]
[WhiteElo "1502"]
[BlackElo "1482"]
[PlyCount "95"]
[EventDate "1994.??.??"]

1. e4 e5 2. Nf3 Nc6 3. d4 d5 4. dxe5 Bg4 5. exd5 Nxe5 6. Be2 Qe7 7. O-O Bxf3 8.
Bxf3 O-O-O 9. Bf4 Nxf3+ 10. Qxf3 Qc5 11. Nc3 Nf6 12. Rfe1 h6 13. a4 a6 14. Rab1
Bd6 15. Bxd6 Qxd6 16. Rbd1 Rhe8 17. Re3 Rxe3 18. Qxe3 Re8 19. Qf3 Qe5 20. g3 g5
21. Rd3 g4 22. Qd1 Qf4 23. f3 h5 24. Rd4 Qe5 25. Rd3 Nd7 26. b4 f5 27. Kf2 Nf6
28. Qd2 f4 29. gxf4 Qd6 30. Re3 Qb6 31. a5 Qxb4 32. Rxe8+ Nxe8 33. Ne4 Qxd2+
34. Nxd2 gxf3 35. Kxf3 Kd7 36. Ke4 Kd6 37. Kd4 Nf6 38. Ne4+ Ke7 39. Nxf6 Kxf6
40. Ke4 b6 41. axb6 cxb6 42. Kd4 a5 43. Kc4 a4 44. Kb4 b5 45. c4 bxc4 46. Kxa4
Kf5 47. Kb4 Kxf4 48. d6 1-0

[Event "6. Lovsprings EMT Basis 3 1994"]
[Site "Ringsted"]
[Date "1994.04.24"]]
[Round "4"]
[White "Hansen, Ole"]
[Black "Nielsen, Carl Otto"]
[Result "0-1"]
[WhiteElo "1463"]
[BlackElo "1547"]
[PlyCount "58"]
[EventDate "1994.??.??"]

1. d4 Nf6 2. c4 c5 3. d5 b5 4. b3 d6 5. Bb2 bxc4 6. Bxf6 exf6 7. bxc4 Be7 8. e3
O-O 9. Bd3 Nd7 10. Nd2 Ne5 11. Bc2 Qa5 12. Qe2 Rb8 13. Ngf3 Bg4 14. O-O Rb4 15.
Rfc1 Rfb8 16. Qf1 g6 17. Nxe5 fxe5 18. Ne4 Bd7 19. Qe1 Qc7 20. Bd3 f5 21. Ng3
e4 22. Be2 Bf6 23. Rab1 Bb2 24. Rd1 Ba4 25. Rd2 Bc3 26. Rxb4 Rxb4 27. Qc1 Bxd2
28. Qxd2 Qg7 29. Qc1 Qb2 0-1

[Event "6. Lovsprings EMT Basis 3 1994"]
[Site "Ringsted"]
[Date "1994.04.24"]]
[Round "4"]
[White "Kjeldsen, Leif"]
[Black "Jensen, Soren"]
[Result "1/2-1/2"]
[WhiteElo "1530"]
[BlackElo "1534"]
[PlyCount "45"]
[EventDate "1994.??.??"]

1. e4 g6 2. d4 Bg7 3. Nf3 d6 4. c4 Nd7 5. Nc3 c5 6. Be3 b6 7. Qd2 Bb7 8. Be2
Ngf6 9. d5 O-O 10. Bh6 Re8 11. Bxg7 Kxg7 12. h4 a6 13. Qf4 Qc7 14. g4 Ne5 15.
Nd2 Nfxg4 16. h5 Bc8 17. f3 Nf6 18. hxg6 fxg6 19. Qh6+ Kg8 20. O-O-O e6 21. Qg5
Qe7 22. f4 Nf7 23. Qh4 1/2-1/2

[Event "6. Lovsprings EMT Basis 3 1994"]
[Site "Ringsted"]
[Date "1994.04.24"]]
[Round "4"]
[White "Madsen, Tino"]
[Black "Sejersen, Villum"]
[Result "1/2-1/2"]
[WhiteElo "1498"]
[BlackElo "1467"]
[PlyCount "104"]
[EventDate "1994.??.??"]

1. e4 c6 2. Nf3 d5 3. Nc3 dxe4 4. Nxe4 Bf5 5. Ng3 Bg4 6. Bc4 e6 7. h3 Bxf3 8.
Qxf3 Nf6 9. d3 Nbd7 10. Ne4 Be7 11. Qg3 Nxe4 12. dxe4 Bf6 13. c3 Ne5 14. Be2
Ng6 15. O-O O-O 16. Be3 Bh4 17. Qh2 f5 18. exf5 exf5 19. Rad1 Qe7 20. Qd6 Rfd8
21. Qxe7 Bxe7 22. Rxd8+ Bxd8 23. Rd1 Nf8 24. Bc4+ Kh8 25. Bd3 Bf6 26. Bxf5 g6
27. Bg4 Kg7 28. Kf1 a6 29. Bc5 h5 30. Be2 Rd8 31. Rxd8 Bxd8 32. g4 Ne6 33. Bd6
h4 34. f4 Bb6 35. Be5+ Kh6 36. g5+ Kh7 37. Bg4 Nd8 38. Bf6 a5 39. Ke2 Bc7 40.
Kf3 b6 41. f5 Nf7 42. fxg6+ Kxg6 43. Bd7 Ne5+ 44. Bxe5 Bxe5 45. Bxc6 Kxg5 46.
Ke4 Bg3 47. b4 axb4 48. cxb4 Kf6 49. Kf3 Ke6 50. a4 Kd6 51. Be8 Kc7 52. Bg6 Be1
1/2-1/2

[Event "6. Lovsprings EMT Basis 3 1994"]
[Site "Ringsted"]
[Date "1994.04.24"]]
[Round "4"]
[White "Pedersen, Henning Hyldegaard"]
[Black "Hojlund, Ib"]
[Result "0-1"]
[WhiteElo "1500"]
[BlackElo "1540"]
[PlyCount "40"]
[EventDate "1994.??.??"]

1. e4 e5 2. Nf3 Nc6 3. Bc4 Nf6 4. Ng5 d5 5. exd5 Na5 6. Bb5+ c6 7. dxc6 bxc6 8.
Ba4 Bg4 9. f3 Bh5 10. O-O h6 11. Nxf7 Bxf7 12. Bb3 Nxb3 13. axb3 Bc5+ 14. Kh1
O-O 15. c4 Nh5 16. d3 Bg6 17. Re1 Qh4 18. Be3 Bxe3 19. Rxe3 Qd4 20. Nc3 Qxe3
0-1

[Event "6. Lovsprings EMT Basis 3 1994"]
[Site "Ringsted"]
[Date "1994.04.24"]]
[Round "4"]
[White "Pedersen, Jens Peter Fischer"]
[Black "Christiansen, Kay Verner"]
[Result "1/2-1/2"]
[WhiteElo "1523"]
[BlackElo "1532"]
[PlyCount "63"]
[EventDate "1994.??.??"]

1. e4 c6 2. Nc3 d5 3. exd5 cxd5 4. d4 Nf6 5. Bf4 a6 6. Nf3 Bf5 7. Bd3 Bxd3 8.
Qxd3 Nc6 9. Ne5 e6 10. a3 Bd6 11. O-O O-O 12. Nxc6 bxc6 13. Be5 Bxe5 14. dxe5
Nd7 15. Rae1 Qb8 16. f4 Qxb2 17. Rf3 Qxa3 18. Nxd5 Qc5+ 19. Ne3 Rfd8 20. Qe4
Nf8 21. Rh3 Rd4 22. Qf3 Qb4 23. Rf1 Rc8 24. f5 exf5 25. Nxf5 Rd7 26. Qg3 Qc5+
27. Kh1 Ng6 28. Nd6 Rcd8 29. Rh5 Rxd6 30. Qf3 Qd5 31. exd6 Qxf3 32. gxf3
1/2-1/2

[Event "6. Lovsprings EMT Basis 3 1994"]
[Site "Ringsted"]
[Date "1994.04.24"]]
[Round "4"]
[White "Svava, Mogens"]
[Black "Petersen, Torben William"]
[Result "0-1"]
[WhiteElo "1487"]
[BlackElo "1438"]
[PlyCount "46"]
[EventDate "1994.??.??"]

1. d4 d5 2. c4 e6 3. Nc3 Nf6 4. Bg5 Nbd7 5. e3 c6 6. Nf3 Bb4 7. a3 Bxc3+ 8.
bxc3 Qa5 9. Qb3 Ne4 10. Rc1 Nxg5 11. Nxg5 dxc4 12. Bxc4 Qxg5 13. O-O O-O 14. f4
Qe7 15. Bd3 Nf6 16. e4 b6 17. a4 Bb7 18. Qc2 h6 19. h3 c5 20. Rfe1 cxd4 21.
cxd4 Rac8 22. Qf2 Rxc1 23. Rxc1 Nxe4 0-1